000 00545nam a22001937a 4500
003 OSt
005 20180116183028.0
008 151216b xxu||||| |||| 00| 0 eng d
020 _a02-576-97-1
024 _202-576-97-1
040 _cLahore LUMS
082 _a 174.4 LUM 1997
100 _aSipra N, Masood B, Hassan
245 _aGREY CEMENT LIMITED
_cSipra N, Masood B, Hassan
260 _aLahore LUMS
_b Lahore University of Management Sciences
_c1997
300 _a33 p.
_bPapers
440 _aGREY CEMENT LIMITED
942 _2ddc
_cCS
999 _c350901
_d350901